00461nam a22001692 4500001001100000005001700011008004100028020002800069040001500097100003400112245004200146250001200188260003100200300001200231650004500243852000300288000000605120151021151108.0070912s xx 000 0 eng d a8125918310 :cKES 1,025 aKABUcKABU1 aSrivastava, S. C.@000015742110aIndustrial relations and labour laws. a5th ed. aNew Delhi :bVikas,c2007. axliv p. 0aIndustrial relationszIndia.@00001574181